Sem ključevych principov upravlenija strategičeskimi klijentami

Gespeichert in:
Bibliographische Detailangaben
1. Verfasser: Sherman, Sallie
Weitere Verfasser: Sperry, Joseph, Reese, Samuel, Budynina, M. V.
Format: Buch
Sprache:Russisch
Veröffentlicht: Moskva Izdateľskij Dom Grebennikova 2005
Schriftenreihe:Menedžment segodnja
Schlagworte:
Tags: Tag hinzufügen
Keine Tags, Fügen Sie das erste Tag hinzu!

MARC

LEADER 00000nam$a2200000$$$4500
001 0064803
005 20240912131549.4
020 |a 5-93890-013-1 
041 0 |a rus 
044 |a RU 
245 1 0 |a Sem ključevych principov upravlenija strategičeskimi klijentami  |c Salli Šerman, Džozef Sperri, Semjueľ Riz ; perevod: M. V. Budynina ... [et al.] 
264 1 |a Moskva  |b Izdateľskij Dom Grebennikova  |c 2005 
300 |a 191 s. 
490 1 |a Menedžment segodnja 
830 0 |a Menedžment segodnja 
610 2 0 |a partnerstvo strategické 
610 2 0 |a klienti 
610 2 0 |a zákazníci 
610 2 0 |a riadenie vzťahov so zákazníkmi 
610 2 0 |a firmy 
610 2 0 |a vzťahy obchodné 
610 2 0 |a kooperácia 
610 2 0 |a manažéri 
610 2 0 |a koordinácia 
100 1 |a Sherman, Sallie 
700 1 |a Sperry, Joseph 
700 1 |a Reese, Samuel 
700 1 |a Budynina, M. V.